| 000 | 00576nam a22002177a 4500 | ||
|---|---|---|---|
| 999 |
_c6395 _d6395 |
||
| 003 | OSt | ||
| 005 | 20191205113207.0 | ||
| 008 | 191205b ||||| |||| 00| 0 eng d | ||
| 020 | _a9780521857482 | ||
| 040 | _cDDC | ||
| 082 | _a511.35 KOH 2010 | ||
| 100 |
_aKohavi, Zvi; Jha, Niraj K. _913116 |
||
| 245 | _aSwitching and Finite Automata Theory | ||
| 250 | _a3rd ed. | ||
| 260 |
_aCambridge University Press, _c2010 |
||
| 300 |
_aviii,617p; _bIll: _c25cm |
||
| 504 | _aIndex included | ||
| 650 |
_aFinite theory _913117 |
||
| 650 |
_aSwitches _913118 |
||
| 942 |
_2z _cO_SHELF |
||